Normal view MARC view
  • Pramerica Real Estate Investors

Entry Corporate Name

Number of records used in: 21

001 - CONTROL NUMBER

  • control field: 5594

003 - CONTROL NUMBER IDENTIFIER

  • control field: SIRSI

005 - DATE AND TIME OF LATEST TRANSACTION

  • control field: 20190806150244.0

008 - FIXED-LENGTH DATA ELEMENTS

  • fixed length control field: 080813n| acannaabn |n ana d

040 ## - CATALOGING SOURCE

  • Original cataloging agency: OSt
  • Transcribing agency: OSt

110 2# - HEADING--CORPORATE NAME

  • Corporate name or jurisdiction name as entry element: Pramerica Real Estate Investors

670 ## - SOURCE DATA FOUND

  • Source citation: Asian Quarterly, 2008